00406nam a22001337a 4500003000500000038001800005082000800023100001900031245006300050264003500113650003200148700003400180856005800214NUST aNusrat Nadeem a200 aRukhsar, Parsa aIntelligent Maritime Networking with SDN/cParsa Rukhsar,  aIslamabad:bSEECS NUST.c2025. aMS- Electrical Engineering  aSupervisor: Dr. Huma Ghafoor u http://10.250.8.41:8080/xmlui/handle/123456789/54707